Statistics for The largest asteroids

Click here to take the quiz!

General Stats

  • This quiz has been taken 152 times
  • The average score is 7 of 20

Answer Stats

Answer% Correct
Ceres
97%
Vesta
79%
Pallas
74%
Juno
54%
Hebe
36%
Hygiea
33%
Flora
31%
Astraea
28%
Iris
28%
Metis
28%
Psyche
28%
Eunomia
23%
Irene
23%
Thetis
23%
Massalia
21%
Melpomene
21%
Victoria
21%
Egeria
18%
Parthenope
18%
Fortuna
15%

Score Distribution

Percentile by Number Answered

Percent of People with Each Score

Your Score History

You have not taken this quiz